Normal view
MARC view
- MULTIMEDIA COMMUNICATIONS SYSTEMS
Entry Topical Term
001 - CONTROL NUMBER
- control field: 62579
003 - CONTROL NUMBER IDENTIFIER
- control field: NUST
005 - DATE AND TIME OF LATEST TRANSACTION
- control field: 20210628202949.0
008 - FIXED-LENGTH DATA ELEMENTS
- fixed length control field: 210628|| aca||aabn | a|a d
040 ## - CATALOGING SOURCE
- Original cataloging agency: NUST
- Transcribing agency: NUST
150 ## - HEADING--TOPICAL TERM
- Topical term or geographic name entry element: MULTIMEDIA COMMUNICATIONS SYSTEMS
670 ## - SOURCE DATA FOUND
- Source citation: Work cat.: (NUST): Hersent, Olivier Gurle, David Petit, Jean-Pierre 62578, Ip telephony, packet-based multimedia communications systems, 2002
